[Event "EU-ch (Women) 22nd"]
[Site "Prague"]
[Date "2022.08.27"]
[Round "7"]
[White "Pavlidou, Ekaterini"]
[Black "Markova, Karolina"]
[Result "1-0"]
[WhiteElo "2158"]
[BlackElo "1635"]
[PlyCount "89"]
[EventDate "2022.08.20"]
[EventType "swiss"]
[EventRounds "11"]
[EventCountry "CZE"]
[SourceTitle "CBM 209 Extra"]
[Source "ChessBase"]
[SourceDate "2022.09.30"]
[SourceVersion "1"]
[SourceVersionDate "2022.09.30"]
[SourceQuality "1"]

1. d4 Nf6 2. c4 g6 3. Nc3 Bg7 4. e4 d6 5. h3 0-0 6. Be3 Nbd7 7. Be2 c5 8. d5 a6 9. a4 b6 10. Qd2 Re8 11. g4 Nf8 12. g5 N6d7 13. h4 Ne5 14. f3 Rb8 15. Kf2 f5 16. f4 Nf7 17. exf5 Bxf5 18. Bf3 e5 19. dxe6 Nxe6 20. Nge2 Qd7 21. Nd5 Nc7 22. Nec3 Nxd5 23. Nxd5 Be4 24. Rae1 Bxf3 25. Kxf3 Qxa4 26. Rc1 Qc6 27. h5 b5 28. hxg6 hxg6 29. b3 bxc4 30. bxc4 Rb2 31. Qd3 Re6 32. Rb1 Rxb1 33. Rxb1 Nd8 34. Rb8 Qd7 35. Qb1 Kh7 36. f5 gxf5 37. Qxf5+ Kg8 38. Rxd8+ Qxd8 39. Qxe6+ Kh8 40. Ne7 Qa8+ 41. Kf2 Qf8+ 42. Ke2 Kh7 43. Qg6+ Kh8 44. Qh5+ Bh6 45. Ng6+ 1-0

[Event "CZE-ch U16 Girls"]
[Site "Luhacovice"]
[Date "2022.03.16"]
[Round "6"]
[White "Markova, Karolina"]
[Black "Voriskova, Anna"]
[Result "0-1"]
[WhiteElo "1589"]
[BlackElo "1812"]
[PlyCount "80"]
[EventDate "2022.03.12"]
[EventType "swiss"]
[EventRounds "9"]
[EventCountry "CZE"]
[SourceTitle "EXT 2023"]
[Source "ChessBase"]
[SourceDate "2022.10.05"]
[SourceVersion "1"]
[SourceVersionDate "2022.10.05"]
[SourceQuality "1"]

1. c4 e5 2. Nc3 Nc6 3. Nf3 Bc5 4. d3 a6 5. g3 d6 6. Bg2 Ba7 7. 0-0 Nge7 8. a3 0-0 9. b4 f5 10. e3 Ng6 11. Bb2 f4 12. d4 fxe3 13. fxe3 Bg4 14. Ne2 e4 15. Ne1 Rxf1+ 16. Bxf1 Qg5 17. Ng2 Rf8 18. Qb3 Qf5 19. Nef4 Nxf4 20. gxf4 Ne7 21. Qc2 Qh5 22. Qxe4 Re8 23. Qc2 Nf5 24. Qf2 Re6 25. Re1 Rh6 26. h4 Bf3 27. e4 Bxg2 28. exf5 Bxf1 29. Kxf1 Qxf5 30. Qe3 Rxh4 31. Qe8+ Qf8 32. Qxf8+ Kxf8 33. Kg2 Rxf4 34. c5 dxc5 35. dxc5 Bb8 36. Be5 Rf7 37. Kg3 Re7 38. Rf1+ Ke8 39. Bf4 h6 40. Rd1 g5 0-1

[Event "CZE-ch U14 Girls"]
[Site "Kouty nad Desnou"]
[Date "2020.03.09"]
[Round "4"]
[White "Voriskova, Anna"]
[Black "Markova, Karolina"]
[Result "1-0"]
[WhiteElo "1820"]
[BlackElo "1497"]
[PlyCount "99"]
[EventDate "2020.03.07"]
[EventType "swiss"]
[EventRounds "7"]
[EventCountry "CZE"]
[SourceTitle "CBM 195 Extra"]
[Source "ChessBase"]
[SourceDate "2020.05.31"]
[SourceVersion "1"]
[SourceVersionDate "2020.05.31"]
[SourceQuality "1"]

1. c4 Nf6 2. Nc3 g6 3. g3 Bg7 4. Bg2 d6 5. e4 0-0 6. Nge2 c5 7. 0-0 Nc6 8. d3 Rb8 9. Rb1 a6 10. a3 b5 11. cxb5 axb5 12. b4 cxb4 13. axb4 Qc7 14. Bd2 Ne5 15. Qc2 Bd7 16. Rfc1 Rfc8 17. Bf4 Nh5 18. Qd2 Nxf4 19. gxf4 Nc6 20. Qe3 Qd8 21. d4 e5 22. dxe5 dxe5 23. Nd5 exf4 24. Nexf4 Be5 25. Nd3 Bg7 26. Nc5 Nd4 27. Rd1 Nc2 28. Qg3 Be6 29. e5 Qe8 30. Qb3 Bf5 31. Be4 Bxe4 32. Nxe4 Qxe5 33. Nc5 Qg5+ 34. Kf1 Nd4 35. Rxd4 Bxd4 36. Ne4 Qh4 37. Qd3 Bg7 38. Rd1 Rd8 39. Qc2 Rbc8 40. Nc5 Qh3+ 41. Kg1 Qg4+ 42. Kf1 Kh8 43. Qd2 Qh3+ 44. Kg1 Be5 45. f4 Qg4+ 46. Kh1 Bxf4 47. Qd4+ Kg8 48. Nf6+ Kf8 49. Ncd7+ Rxd7 50. Nxd7+ 1-0